000 00865nam a22002897i 4500
003 DO-SdBNP
005 20250508101451.0
007 ta
008 250508b2024 |||||||| |||| 00| 0 spa d
020 _a9789945251104
040 _aDO-SdBNP
_bspa
_cBNPHU
_erda
041 _hspa
082 _aRD863.44
_bG643g
_222
100 1 _aGonzález Herrera, Julio
_eautor
_923847
245 0 3 _aLa gloria llamó dos veces /
_cJulio González Herrera
264 _aSanto Domingo :
_bArchivo General de la Nación,
_c2024.
300 _a208 páginas :
_bilustraciones ;
_c24 cm
336 _ardacontent
_btexto
_2txt
337 _ardamedia
_bsin mediación
_2n
338 _ardacarrier
_bvolumen
_2nc
490 _aJuvenil ;
_v34
590 _aInventariado, 2025/DG
650 4 _aNovela dominicana
_9223
650 4 _aLiteratura dominicana
910 _aDG
942 _2ddc
_cLBS1
999 _c58851
_d58851